00000000cas 2200000zi 4500
0019.948446
003CaOODSP
00520260224132812
006m     o  d f      
007cr cn ||||||||
008250226c20259999qucar p o    f0###b0fre|d
022 |a2819-1161
040 |aCaOODSP|bfre|erda|cCaOODSP
043 |an-cn---
0861 |aBC9-43F-PDF
222 0|aRapport sur le marché canadien des télécommunications
24500|aRapport sur le marché canadien des télécommunications.
264 1|aGatineau (Québec) Canada : |bConseil de la radiodiffusion et des télécommunications canadiennes = Canadian Radio-television and Telecommunications Commission, |c[2025]-
310 |aAnnuel
336 |atexte|btxt|2rdacontent/fre
337 |ainformatique|bc|2rdamedia/fre
338 |aressource en ligne|bcr|2rdacarrier/fre
3621 |aParaît depuis : 2025.
500 |aPublié aussi en anglais sous le titre : Canadian telecomunications market report.
588 |aDescription d'après : 2025; titre de la page couverture du fichier PDF.
588 |aDernière livraison consultée : 2025.
650 6|aTélécommunications|zCanada|vStatistiques|vPériodiques.
655 7|aPériodiques|2rvmgf
7102 |aConseil de la radiodiffusion et des télécommunications canadiennes, |eorganisme de publication.
77508|tCanadian telecommunications market report.|w(CaOODSP)9.948447
78000|tFaits saillants annuels du secteur des télécommunications ...|w(CaOODSP)9.904655
78000|tFaits saillants annuels du secteur de la radiodiffusion ...|w(CaOODSP)9.904652